000 00751nam a2200289Ia 4500
005 20260324122303.0
008 008 260324s9999 xx 000 0 eng d
020 _a9780203070604
037 _aEBOOK
040 _aCRL
040 _beng
040 _cCRL
041 _2eng
041 _aeng
084 _qCRL
100 _aHitoshi Hirakawa; Kaushalesh Lal; Shinkai Naoko; Norio Tokumaru
_91165864
245 0 _aServitization, IT-ization and Innovation Models
245 0 _bTwo-Stage Industrial Cluster Theory
260 _bTaylor and Francis
260 _c2013
365 _a
365 _b240
856 _uhttp://www.taylorfrancis.com/books/9780203070604
942 _cEBOOK
999 _c1758479
_d1758479